000 02188nam a2200445 u 4500
999 _c18729
_d18729
005 20200219074727.0
008 160520s2015 ck abd|gr|||| 00| 0 spa d
020 _a9789588889726 (impresa)
020 _a9789588889733 (digital)
040 _aCO-BoIAVH
_cCO-BoIAVH
041 0 _aspa
044 _ack
082 0 4 _a639.9708
_bC75g
245 0 0 _aConservación de grandes vertebrados en áreas no protegidas de Colombia, Venezuela y Brasil /
_ceditado por Esteban Payán, Carlos A. Lasso y Carlos Castaño-Uribe
260 _aBogotá :
_bInstituto de Investigación de Recursos Biológicos Alexander von Humboldt,
_c2015.
300 _a302 páginas :
_bilustraciones a color, mapas color, tablas, gráficas y fotografías a color ;
_c23 x 17 cm.
490 0 _aSerie fauna silvestre neotropical ;
_vI
504 _aIncluye referencias bibliográficas.
505 2 _aCapítulo 1. Conservación de grandes peces de agua dulce en áreas no protegidas de Colombia,
505 2 _aCapítulo 2. Conservación de grandes reptiles acuáticos continentales (tortugas y cocodílidos) en Colombia.
505 2 _aCapítulo 3. Rehabilitación y liberación de perezosos (Xenarthra: Bradypodidae y Megalonychidae) en áreas no protegidas de Colombia.
505 2 _aCapítulo 4. La conservación de los manatíes (Trichechus inunguis y Trichechus manatus) en áreas no protegidas de Colombia.
546 _aResumen ejecutivo en español e inglés.
546 _aResúmenes en español e inglés.
650 2 6 _aMamíferos
_xconservación
650 2 6 _aAves
_xconservación
650 2 6 _aReptiles
_xconservación
650 2 6 _aPeces
_xconservación
650 2 4 _aGrandes vertebrados
_xconservación
650 2 4 _aÁreas no protegidas
650 2 6 _aColombia
650 2 6 _aVenezuela
650 2 6 _aBrasil
650 2 6 _aRegión neotropical
700 1 _aPayán, Esteban
_eeditor
700 1 _aLasso, Carlos A.
_eeditor
700 1 _aCastaño-Uribe, Carlos
_eeditor
710 2 _aInstituto de Investigación de Recursos Biológicos Alexander von Humboldt.
942 _2ddc
_cLIBRO
_02